| 000 | 02128nam0a2200373 4500 | ||
|---|---|---|---|
| 001 | RU\NLR\BIBL_A\012596608 | ||
| 005 | 20211117113009.0 | ||
| 010 |
_a978-5-9675-1806-5 _9100 |
||
| 021 |
_aRU _bКН-П-21-032805 _9КН-П-21-2559 |
||
| 035 | _a(NLR Aleph) 012596608 | ||
| 090 |
_a12568973 _c12568973 |
||
| 100 | _a20210915d2021 u y0rusy50 ca | ||
| 101 | 0 |
_arus _deng |
|
| 102 | _aRU | ||
| 105 | _aa|||j|||000zy | ||
| 181 | 0 |
_ai3 _baxxe |
|
| 182 | 0 | _an | |
| 200 | 1 |
_aBI-система Loginom _eучебное пособие _eдля бакалавров направления 38.03.01 "Экономика" _fН.В. Карпузова, К.В. Чернышева, С.И. Афанасьева _gМинистерство сельского хозяйства Российской Федерации, Российский государственный аграрный университет - МСХА имени К.А. Тимирязева |
|
| 203 |
_aТекст _bвизуальный _cнепосредственный |
||
| 210 |
_aМосква _cРГАУ - МСХА имени К.А. Тимирязева _d2021 |
||
| 215 |
_a149 с. _cил. _d21 |
||
| 300 | _aНа обл. вых. дан.: Москва, 2020 | ||
| 300 | _aРез. англ. | ||
| 320 | _aБиблиогр.: с. 107 (10 назв.) | ||
| 606 | 1 |
_aАгропромышленные комплексы _xУправление _xИнформационные технологии _yРоссийская Федерация _jУчебные издания для высших учебных заведений _2nlr_sh2 _3RU\NLR\AUTH\6601695528 |
|
| 686 | 1 | _aУ32(2)-434-210.302(2Р)я73 | |
| 700 | 1 |
_aКарпузова _bН. В. _gНадежда Васильевна |
|
| 701 | 1 |
_aЧернышева _bК. В. _cканд. экон. наук _gКира Владимировна _3RU\NLR\AUTH\7782042 |
|
| 701 | 1 |
_aАфанасьева _bС. И. _cканд. экон. наук _gСветлана Ильинична _3RU\NLR\AUTH\770235678 |
|
| 942 | _cBOOK | ||
| 980 | _aNB | ||